| 000 | 00977cam a22003017a 4500 | ||
|---|---|---|---|
| 003 | CHAP | ||
| 005 | 20220329140332.0 | ||
| 008 | 971013s1963 r 00010 d | ||
| 010 | _a50583 | ||
| 011 | _a51555 | ||
| 035 | _a55705 | ||
| 040 | _cCHAP | ||
| 082 |
_a664.80285 _bP53Y |
||
| 100 | 0 | 0 |
_aPlank, R. _988737 |
| 245 | 1 | 3 | _aEl empleo del frío en la industria de la alimentación |
| 260 |
_aBarcelona : _bReverté, _c1963 |
||
| 300 |
_a805 p. _b: ilus. |
||
| 590 |
_aBATCH-UPD _b10 _c20130110 _lUCH01 _h0824 |
||
| 590 |
_aBATCH-UPD _b10 _c20130410 _lUCH01 _h0502 |
||
| 590 |
_aBATCH-UPD _b10 _c20130914 _lUCH01 _h1959 |
||
| 590 |
_aCONVERSION _b10 _c20130109 _lUCH01 _h1327 |
||
| 650 | 1 | 4 |
_aAlimentos congelados. _94302 |
| 650 | 1 | 4 |
_aRefrigeración. _995611 |
| 901 | _aBK | ||
| 942 | _cLIBRO | ||
| 949 |
_a664.80285 P53Y _bBC _cLIBRO _d33724000137485 _eLIBRO _h28005 _i55705 _si _t400.00 |
||
| 949 |
_a664.80285 P53Y _bBC _cLIBRO _d33724000137493 _eLIBRO _fc.2 _h39309 _i55705 _si _t400.00 |
||
| 999 |
_c50583 _d50583 |
||